Banner

Las obligaciones en el derecho moderno : (Record no. 1654)

MARC details
000 -LEADER
campo de control de longitud fija 01546nam a2200289Ia 4500
003 - IDENTIFICADOR DE NÚMERO DE CONTROL
campo de control CoMeUDC
005 - FECHA Y HORA DE LA ÚLTIMA TRANSACCIÓN
campo de control 20230328164107.0
008 - DATOS DE LONGITUD FIJA--INFORMACIÓN GENERAL
campo de control de longitud fija 130821s2004 ck gr spa
020 ## - NÚMERO INTERNACIONAL ESTÁNDAR DEL LIBRO
Número Internacional Estándar del Libro 9583504815
040 ## - FUENTE DE CATALOGACIÓN
Centro catalogador/agencia de origen Co-BoUCM
Lengua de catalogación spa
Centro/agencia transcriptor CO-UdeC
041 00 - CÓDIGO DE IDIOMA
Código de lengua del texto/banda sonora o título independiente spa
082 04 - NÚMERO DE LA CLASIFICACIÓN DECIMAL DEWEY
Número de clasificación 346.5
Número de ítem B272
100 1# - ENTRADA PRINCIPAL--NOMBRE DE PERSONA
Nombre de persona Barrera Tapias, Carlos Darío.
245 14 - MENCIÓN DEL TÍTULO
Título Las obligaciones en el derecho moderno :
Resto del título Las fuentes. El Acto Jurídico /
Mención de responsabilidad, etc. Carlos Darío Barrera Tapias.
250 ## - MENCION DE EDICION
Mención de edición Segunda edición, ampliada y corregida
260 ## - PUBLICACIÓN, DISTRIBUCIÓN, ETC.
Lugar de publicación, distribución, etc. Bogotá :
Nombre del editor, distribuidor, etc. Editorial Temis,
Fecha de publicación, distribución, etc. 2004.
300 ## - DESCRIPCIÓN FÍSICA
Extensión 243 p. ;
Dimensiones 24 cm.
504 ## - NOTA DE BIBLIOGRAFÍA, ETC.
Nota de bibliografía, etc. Nota Incluye índice.
505 ## - NOTA DE CONTENIDO CON FORMATO
Nota de contenido con formato Teorías sobre las fuentes de las obligaciones -- El acto o negocio jurídico como fuente de obligaciones -- Condiciones para la existencia y validez de los actos jurídicos -- La voluntad y su declaración -- La simulación -- El objeto -- La forma solemne -- Las condiciones para la validez -- La lesión -- Efectos de los actos jurídicos -- La teoría de la imprevisión -- El postulado de la buena fe -- Efectos de los actos jurídicos ante terceros. Relatividad de los actos jurídicos -- La interpretación de los actos jurídicos -- La ineficacia de los actos jurídicos -- La causa ilícita -- Disolución de los actos jurídicos
546 ## - NOTA DE IDIOMA
Nota de lengua/lenguaje Español
650 04 - PUNTO DE ACCESO ADICIONAL DE MATERIA--TÉRMINO DE MATERIA
Término de materia o nombre geográfico como elemento de entrada Actos jurídicos
Subdivisión geográfica Colombia
9 (RLIN) 8468
650 04 - PUNTO DE ACCESO ADICIONAL DE MATERIA--TÉRMINO DE MATERIA
Término de materia o nombre geográfico como elemento de entrada Contratos
Subdivisión de forma Clasificación
9 (RLIN) 11818
650 04 - PUNTO DE ACCESO ADICIONAL DE MATERIA--TÉRMINO DE MATERIA
Término de materia o nombre geográfico como elemento de entrada Contratos
Subdivisión geográfica Colombia
9 (RLIN) 11818
650 04 - PUNTO DE ACCESO ADICIONAL DE MATERIA--TÉRMINO DE MATERIA
Término de materia o nombre geográfico como elemento de entrada Derecho civil
9 (RLIN) 12711
650 04 - PUNTO DE ACCESO ADICIONAL DE MATERIA--TÉRMINO DE MATERIA
Término de materia o nombre geográfico como elemento de entrada Obligaciones (Derecho)
Subdivisión geográfica Colombia
942 ## - ELEMENTOS DE ENTRADA SECUNDARIOS (KOHA)
Tipo de ítem Koha Libros
Fuente del sistema de clasificación o colocación Clasificación Decimal Dewey
Holdings
Estatus retirado Estado de pérdida Fuente del sistema de clasificación o colocación Estado de daño No para préstamo Colección Biblioteca de origen Biblioteca actual Fecha de adquisición Fuente de adquisición Total de préstamos Signatura topográfica completa Código de barras Visto por última vez Fecha del último préstamo Copia número Precio de reemplazo Tipo de ítem Koha
    Clasificación Decimal Dewey     Colección general U DE COLOMBIA - Biblioteca U DE COLOMBIA - Biblioteca 28/03/2023 donación 4 346.5 B272 100240 28/05/2024 08/04/2024 1 28/03/2023 Libros


Biblioteca Académica Corporación Universitaria U DE COLOMBIA | Teléfono: +(57) (4) 2398080 ext. 1112 | E-mail: biblioteca@udecolombia.edu.co | Dirección: Calle 56 Nº 41 – 147 (Bolivia con Girardot)
Horario de atención: lunes a viernes 8:00 a.m. a 8:00 p.m. - sábados 8:00 a.m. a 4:00 p.m.
Implementado por Grupo EGS.

Powered by Koha